Toutou et minette comment ils ont lavé le plancher /

Hlavní autor: Čapek, Josef, 1887-1945
Další autoři: Kaštánková-Moltová, Hana
Jazyk: Francouzština
Vydáno: Praha : Baset, 2003
Témata:
Fyzický popis: [48] s. : il. (převážně barev.) ; 19 x 22 cm
Knihy
Uloženo v:
LEADER 01410nam a2200349 a 4500
001 000693741
003 CZ BrMZK
005 20031103085041.0
007 ta
008 031022s2003 xr a f 000 j fre d
015 |a cnb001288735 
020 |a 80-7340-017-0  |q (váz.) 
035 |a (OCoLC)56872260 
040 |a BOA001  |b cze 
041 1 |a fre  |h cze 
072 7 |a 821.162.3-3  |x Česká próza  |2 Konspekt  |9 25 
072 7 |a 821-93  |x Literatura pro děti a mládež (beletrie)  |2 Konspekt  |9 26 
080 |a (0:82-34)  |2 MRF 
080 |a 821-93  |2 MRF 
080 |a 821.162.3-34  |2 MRF 
100 1 |a Čapek, Josef,  |d 1887-1945  |7 jk01021020  |4 aut  |4 ill 
245 1 0 |a Toutou et minette comment ils ont lavé le plancher /  |c ecrit et dessiné par Josef Čapek ; [le récit et les images de Josef Čapek arrangés par Eduard Hofman, dessins par Josef Tokstein ; traduction Hana Kaštánková-Moltová] 
260 |a Praha :  |b Baset,  |c 2003 
300 |a [48] s. :  |b il. (převážně barev.) ;  |c 19 x 22 cm 
500 |a Překlad z češtiny 
500 |a Zpracováno podle kresleného filmu Eduarda Hofmana 
655 7 |a české pohádky  |7 fd133970  |2 czenas 
655 7 |a publikace pro děti  |7 fd133156  |2 czenas 
700 1 |a Kaštánková-Moltová, Hana  |7 pna2008444485  |4 trl 
910 |a BOA001  |b 2-1124.335 
990 |a BK 
996 6 |b 2610200698  |c 2-1124.335  |l MZK  |r Sklad / do 1 hodiny  |n 0  |p p.v.  |w 000693741  |u 000010  |a 1  |e BOA001  |j MZK50  |s P